| 000 | 00763cab a22002295a 4500 | ||
|---|---|---|---|
| 001 | L148004 | ||
| 008 | 090713e20090704xxk g 000 0 eng d | ||
| 035 | _a(Sirsi) u148004 | ||
| 041 | 0 | _aeng | |
| 100 | 1 | _aThame, David | |
| 245 | 0 | 0 | _aEG Leisure |
| 260 | _c2009 | ||
| 490 |
_aEstates Gazette _v4 July 2009, 69-81(12) |
||
| 520 | _aComments on the growth in hotels attached to sports stadia and the emergence of digital cinemas. Looks at the increasing number of pub closures. Concludes with a discussion on investment in the leisure sector. | ||
| 590 | _aKA | ||
| 651 | 4 | _aUnited Kingdom | |
| 690 | _aPROPERTY-COMMERCIAL PROPERTY-LEISURE PROPERT | ||
| 700 | 1 | _aPio Kivlehan, Noella | |
| 700 | 1 | _aHarris, David | |
| 700 | 1 | _aHanson, Pal | |
| 942 | _n0 | ||
| 999 |
_c81700 _d81700 |
||